|
|
|
|
| LEADER |
00000naa a2200000uu 4500 |
| 001 |
vtls010960881 |
| 003 |
SK-MaSNL |
| 005 |
20260302120942.0 |
| 008 |
210906|1997 xo |||||||||||||||||ger| |
| 015 |
|
|
|a SNBRA
|
| 035 |
|
|
|a (urnnbn)urn:nbn:sk:snk:ar-a0brom
|
| 035 |
|
|
|a (uuid)1da3c326-9d23-4850-a084-d408ae323569
|
| 035 |
|
|
|a urn:nbn:sk:snk-aaujcl
|
| 040 |
|
|
|a SNKBUCL
|b slo
|c SNKBUCL
|e AACR2
|
| 041 |
0 |
|
|a ger
|
| 044 |
|
|
|a xo
|c SK
|
| 100 |
1 |
|
|a Podsiadlo, Andrzej
|4 aut
|9 782393
|
| 245 |
1 |
0 |
|a DIAGNOSTIC TESTS OF HYDRAULIC HAMMERS
|c Andrzej Podsiadlo, Janusz Pluta, Krzysztof Krauze, Piotr Micek
|
| 700 |
1 |
|
|a Pluta, Janusz
|4 aut
|9 782369
|
| 700 |
1 |
|
|a Krauze, Krzysztof
|4 aut
|9 802242
|
| 700 |
1 |
|
|a Micek, Piotr
|4 aut
|9 782392
|
| 773 |
0 |
|
|t Riadenie procesov získavania a spracovania surovín. Sekcia č. 6
|d Košice : Štroffek, 1997
|g S. 77-80
|z 8088896088
|
| 958 |
|
|
|a OND
|
| 958 |
|
|
|a article11
|
| 958 |
|
|
|a chapter
|
| 999 |
|
|
|c 1272016
|d 1273946
|